LEADER 00979nam0 2200277 450 001 000029891 005 20140212124916.0 010 $a978-88-204-3971-2 100 $a20140212d2013----km-y0itay50------ba 101 0 $aita 102 $aIT 105 $ay-------001yy 200 1 $aTerzo settore e nuovo welfare in Italia$fLuca Fazzi 210 $aMilano$cFranco Angeli$dc2013 215 $a172 p.$d23 cm 225 2 $aSalute e società$iRicerca spendibilità$v64 410 0$12001$aSalute e società. Ricerca spendibilità 500 10$aTerzo settore e nuovo welfare in Italia$m<$940552 610 1 $aEnti senza scopo di lucro$aItalia 676 $a361.7630945$v22$9Intervento sociale da parte di organizzazioni senza scopo di lucro. Italia 700 1$aFazzi,$bLuca$0125379 801 0$aIT$bUNIPARTHENOPE$c20140212$gRICA$2UNIMARC 912 $a000029891 951 $a361-T/3$b44880$cNAVA1$d2014 996 $aTerzo settore e nuovo welfare in Italia$940552 997 $aUNIPARTHENOPE